00257nam a2200109Ia 4500008004100000100001800041245002900059260001900088650001600107942000700123999001700130190216s9999||||xx |||||||||||||| ||und|| aKarmanov. V.G 0aMathematical Programming bMir Publishers aMathematics cBK c31037d31037